00908nam a2200241 i 450000100060000000300090000600500170001500700030003200800410003510000380007624501330011426000320024730000220027949000290030165000290033070000430035970000310040270000250043383000370045885200320049599900170052795201220054427835ES-MaACL20250929063057.0t|030115s1969 sp ||||1| spa d1 aBabin, Pierre, d1925-201292441813aLa Iglesia y el mundo hoy / cPierre Babin, J. P. Bagot y B. Champeaux ; [versión dirigida por José Manuel Estepa Llaurens]. aMadrid : bMarova, c[1969] a124 p. ; c22 cm.1 aColección "Mundo y Fe"14aIglesia y mundo.91362571 aEstepa Llaurens, José Manuel.9481121 aBagot, Jean Pierre.9246421 aChampeaux, B.9379130 aColección "Mundo y Fe"9229233 aES-MaACLjC-36769 bR.70831 c27835d27835 00104070aATENEOMbATENEOMcDEPO2d2008-01-17eSCl0oC-36769p1028741r2023-02-23 00:00:00w2023-02-23yMONOGRAFIA